01064cam a2200289 a 45000010008000000030005000080050017000130080041000300100017000710200018000880400025001060430021001310500026001520820016001781000030001942450047002242600037002713000021003085000031003296100093003606500053004536500040005066510022005466550042005688560075006108560089006854961123Nust20170213100153.0970213s1997 nyu 000 1 eng  a 97007222  a9780340688823 aDLCcDLCdOCoLCdDLC ae-uk-enae-uk---00aPS3557.E478bD43 199700a813.54bGEO1 aGeorge, Elizabeth,d1949-10aDeception on his mind /cElizabeth George. aNew York :bBantam Books,c1997. a754 p. ;c24 cm. aMap of Essex on endpapers.10aGreat Britain.bMetropolitan Police Office.bCriminal Investigation DepartmentxFiction. 0aHavers, Barbara (Fictitious character)xFiction. 0aWomen detectiveszEnglandxFiction. 0aEnglandxFiction. 7aDetective and mystery stories.2gsafd413Sample textuhttp://www.loc.gov/catdir/samples/random043/97007222.html423Publisher descriptionuhttp://www.loc.gov/catdir/description/random047/97007222.html